000 00404pab a2200157 454500
008 180718b1983 xxu||||| |||| 00| 0 eng d
100 _aCollins, Randall
245 _aDevelopment, diversity, and conflict in the sociology of science
260 _c1983
300 _a185-200
362 _aSpring
650 _aSociology
700 _aSal Restivo
773 _aSocialogical Quarterly
909 _a18421
999 _c18421
_d18421